All Administrative Divisions of Countries Pt. 5 - Statistics

General Stats
  • This quiz has been taken 10 times
  • The average score is 57 of 495
Answer Stats
Country Answer % Correct
Myanmar Mon
100%
Monaco Monaco
100%
Mozambique Gaza
75%
Palestine Gaza Strip
75%
Nigeria Lagos
75%
Peru Lima
75%
Portugal Lisbon
75%
Panama Panamá
75%
Mongolia Ulaanbaatar
75%
Portugal Azores
63%
Portugal Madeira
63%
Portugal Porto
63%
Palestine West Bank
63%
Papua New Guinea Western
63%
Portugal Aveiro
50%
Romania Bucharest
50%
Papua New Guinea | Paraguay Central
50%
North Macedonia Eastern
50%
Nicaragua Managua
50%
Oman Muscat
50%
Norway Oslo
50%
Montenegro Podgorica
50%
North Korea Pyongyang
50%
North Macedonia Skopje
50%
North Macedonia Southwestern
50%
Myanmar Wa
50%
Romania Arad
38%
Pakistan Balochistan
38%
Portugal Braga
38%
Montenegro Budva
38%
Moldova Chişinău
38%
Romania Cluj
38%
Portugal Coimbra
38%
Peru Cusco
38%
Portugal Faro
38%
Norway Finnmark
38%
Montenegro Herceg Novi
38%
Romania Iaşi
38%
Nigeria Kano
38%
Pakistan Khyber Pakhtunkhwa
38%
Montenegro Kotor
38%
Portugal Leiria
38%
Myanmar Naypyidaw
38%
North Macedonia Northeastern
38%
Pakistan Punjab
38%
Pakistan Sindh
38%
North Macedonia Southeastern
38%
Romania Timiş
38%
Montenegro Tivat
38%
Moldova Transnistria
38%
Myanmar Yangon
38%
Nauru Yaren
38%
Peru Amazonas
25%
Peru Apurímac
25%
Peru Arequipa
25%
Montenegro Bar
25%
Montenegro Berane
25%
The Phillipines Bicol
25%
Montenegro Bijelo Polje
25%
Romania Botoşani
25%
Papua New Guinea Bougainville
25%
Portugal Bragança
25%
Romania Brăila
25%
Romania Braşov
25%
Peru Cajamarca
25%
Portugal Castelo Branco
25%
Montenegro Cetinje
25%
Romania Constanţa
25%
Romania Dâmbovita
25%
Montenegro Danilovgrad
25%
The Phillipines Davao
25%
Portugal Évora
25%
Romania Galaţi
25%
Pakistan Gilgit-Baltistan
25%
Poland Greater Poland
25%
Norway Hordaland
25%
Norway Jan Mayen
25%
Peru Junín
25%
Palau Koror
25%
Poland Lesser Poland
25%
Poland Łódź
25%
Poland Lower Silesian
25%
Poland Lublin
25%
Mozambique Maputo
25%
Poland Masovian
25%
Niger Niamey
25%
Montenegro Nikšić
25%
Nigeria Oyo
25%
Montenegro Pljevlja
25%
Poland Podlaskie
25%
Poland Pomeranian
25%
Portugal Portalegre
25%
Myanmar Rakhine
25%
Portugal Santarém
25%
Romania Satu Mare
25%
Portugal Setúbal
25%
Poland Silesian
25%
Poland Subcarpathian
25%
Norway Svalbard
25%
Norway Troms
25%
Romania Tulcea
25%
Montenegro Ulcinj
25%
Portugal Vila Real
25%
Poland Warmian-Masurian
25%
Nigeria Abia
13%
Norway Akershus
13%
Romania Alba
13%
Peru Ancash
13%
Montenegro Andrijevica
13%
Romania Argeş
13%
The Netherlands Aruba
13%
Norway Aust-Agder
13%
Peru Ayacucho
13%
Pakistan Azad Kashmir
13%
Romania Bacău
13%
Moldova Bălţi
13%
The Phillipines Bangsamoro
13%
Portugal Beja
13%
Nigeria Benue
13%
Romania Bihor
13%
Romania Bistrita-Năsăud
13%
Norway Bouvet Island
13%
Norway Buskerud
13%
Romania Buzău
13%
The Phillipines Cagayan Valley
13%
Moldova | Romania Călăraşi
13%
Peru Callao
13%
The Phillipines Caraga
13%
Romania Caraş-Severin
13%
The Phillipines Central Luzon
13%
The Phillipines Central Visayas
13%
Myanmar Chin
13%
Nicaragua Chinandega
13%
Panama Colón
13%
Paraguay Concepción
13%
Paraguay | The Phillipines Cordillera
13%
Romania Covasna
13%
The Netherlands Curaçao
13%
Nigeria Delta
13%
Romania Dolj
13%
The Phillipines Eastern Visayas
13%
Nigeria Ebonyi
13%
Nigeria Edo
13%
Nigeria Ekiti
13%
Nigeria Enugu
13%
Moldova Găgăuzia
13%
Romania Giurgiu
13%
Nigeria Gombe
13%
Romania Gorj
13%
Nicaragua Granada
13%
Portugal Guarda
13%
Morocco Guelmim-Oued Noun
13%
Papua New Guinea Gulf
13%
Montenegro Gusinje
13%
Romania Harghita
13%
Norway Hedmark
13%
Poland Holy Cross
13%
Peru Huancavelica
13%
Romania Hunedoara
13%
Romania Ialomiţa
13%
Peru Ica
13%
Romania Ilfov
13%
The Phillipines Ilocos
13%
Pakistan Islamabad Capital Territory
13%
Nigeria Kaduna
13%
Namibia Karas
13%
Montenegro Kolašin
13%
Peru La Libertad
13%
Peru Lambayeque
13%
Peru Loreto
13%
Poland Lubusz
13%
Peru Madre de Dios
13%
Myanmar Mandalay
13%
Romania Maramureş
13%
Romania Mehedinţi
13%
Montenegro Mojkovac
13%
Norway Møre og Romsdal
13%
Romania Mureş
13%
The Phillipines National Capital Region
13%
Romania Neamţ
13%
Papua New Guinea New Ireland
13%
Nigeria Niger
13%
New Zealand Niue
13%
Norway Nordland
13%
The Phillipines Northern Mindanao
13%
Nigeria Ogun
13%
Romania Olt
13%
Nigeria Ondo
13%
Poland Opole
13%
Norway Oppland
13%
Norway Østfold
13%
Nigeria Osun
13%
Myanmar Pa'O
13%
Paraguay Paraguarí
13%
Norway Peter I Island
13%
Montenegro Petnjica
13%
Peru Piura
13%
Nigeria Plateau
13%
Montenegro Plav
13%
Montenegro Plužine
13%
Romania Prahova
13%
Paraguay Presidente Hayes
13%
Peru Puno
13%
Norway Queen Maud Land
13%
North Korea Rason
13%
Nigeria Rivers
13%
Norway Rogaland
13%
Montenegro Rožaje
13%
Romania Sălaj
13%
Peru San Martín
13%
Montenegro Šavnik
13%
Romania Sibiu
13%
The Netherlands Sint Maarten
13%
The Phillipines SOCCSKSARGEN
13%
Norway Sogn og Fjordane
13%
The Phillipines Southern Tagalog
13%
Romania Suceava
13%
Peru Tacna
13%
Norway Telemark
13%
Romania Teleorman
13%
Norway Trøndelag
13%
Peru Tumbes
13%
Montenegro Tuzi
13%
Romania Vâlcea
13%
North Macedonia Vardar
13%
Romania Vaslui
13%
Norway Vest-Agder
13%
Norway Vestfold
13%
Portugal Viana do Castelo
13%
Portugal Viseu
13%
Romania Vrancea
13%
The Phillipines Western Visayas
13%
Poland Wester Pomeranian
13%
Nigeria Yobe
13%
Montenegro Žabljak
13%
The Phillipines Zamboanga Peninsula
13%
Nigeria Zamfara
13%
Niger Zinder
13%
Nigeria Adamawa
0%
Oman Ad Dakhiliyah
0%
Qatar Ad Dawhah
0%
Oman Ad Dhahirah
0%
Niger Agadez
0%
Palau Aimeliik
0%
Palau Airai
0%
Nauru Aiwo
0%
Nigeria Akwa Ibom
0%
Oman Al Batinah North
0%
Oman Al Batinah South
0%
Oman Al Buraymi
0%
Qatar Al Daayen
0%
Qatar Al Khor
0%
Qatar Al Rayyan
0%
Qatar Al-Shahaniya
0%
Qatar Al Shamal
0%
Paraguay Alto Paraguay
0%
Paraguay Alto Paraná
0%
Qatar Al Wakrah
0%
Oman Al Wusta
0%
Paraguay Amambay
0%
Nauru Anabar
0%
Nigeria Anambra
0%
Moldova Anenii Noi
0%
Nauru Anetan
0%
Palau Angaur
0%
Nauru Anibare
0%
Mongolia Arkhangai
0%
Oman Ash Sharqiyah North
0%
Oman Ash Sharqiyah South
0%
Myanmar Ayeyarwady
0%
Myanmar Bago
0%
Nauru Baitsi
0%
Moldova Basarabeasca
0%
Nigeria Bauchi
0%
Mongolia Bayankhongor
0%
Mongolia Bayan-Ulgii
0%
Nigeria Bayelsa
0%
Moldova Bender
0%
Morocco Béni Mellal-Khénifra
0%
Nicaragua Boaco
0%
Panama Bocas del Toro
0%
Nauru Boe
0%
Paraguay Boquerón
0%
Nigeria Borno
0%
Moldova Briceni
0%
Nauru Buada
0%
Mongolia Bulgan
0%
Paraguay Caaguazú
0%
Paraguay Caazapá
0%
Mozambique Cabo Delgado
0%
Moldova Cahul
0%
Paraguay Canindeyú
0%
Moldova Cantemir
0%
Nicaragua Carazo
0%
Morocco Casablanca-Settat
0%
Moldova Căuşeni
0%
North Korea Chagang
0%
Papua New Guinea Chimbu
0%
Panama Chiriquí
0%
Nicaragua Chontales
0%
Moldova Cimişlia
0%
Panama Coclé
0%
New Zealand Cook Islands
0%
Moldova Criuleni
0%
Nigeria Cross River
0%
Morocco Dakhla-Oued El-Dahab
0%
Myanmar Danu
0%
Panama Darién
0%
Mongolia Darkhan-Uul
0%
Nauru Denigomodu
0%
Oman Dhofar
0%
Niger Diffa
0%
Paraguay Distrito Capital
0%
Moldova Donduşeni
0%
Mongolia Dornod
0%
Mongolia Dornogovi
0%
Niger Dosso
0%
Morocco Drâa-Tafilalet
0%
Moldova Drochia
0%
Moldova Dubăsari
0%
Mongolia Dundgovi
0%
Papua New Guinea Eastern Highlands
0%
Papua New Guinea East New Britain
0%
Papua New Guinea East Sepik
0%
Moldova Edineţ
0%
Panama Emberá
0%
Papua New Guinea Enga
0%
Namibia Erongo
0%
Nicaragua Estelí
0%
Nauru Ewa
0%
Moldova Făleşti
0%
Nigeria Federal Capital Territory
0%
Morocco Fès-Meknès
0%
Moldova Floreşti
0%
Nepal Gandaki
0%
Moldova Glodeni
0%
Mongolia Govi-Altai
0%
Mongolia Govisumber
0%
Paraguay Guairá
0%
Panama Guna Yala
0%
Namibia Hardap
0%
Palau Hatohobei
0%
Papua New Guinea Hela
0%
Panama Herrera
0%
Moldova Hînceşti
0%
Peru Huánuco
0%
Moldova Ialoveni
0%
Nauru Ijuw
0%
Nigeria Imo
0%
Mozambique Inhambane
0%
Paraguay Itapúa
0%
Nigeria Jigawa
0%
Nicaragua Jinotega
0%
Papua New Guinea Jiwaka
0%
Myanmar Kachin
0%
North Korea Kaesong
0%
North Korea Kangwon
0%
Nepal Karnali
0%
Nigeria Katsina
0%
Namibia Kavango East
0%
Namibia Kavango West
0%
Myanmar Kayah
0%
Palau Kayangel
0%
Myanmar Kayin
0%
Nigeria Kebbi
0%
Mongolia Khentii
0%
Namibia Khomas
0%
Mongolia Khovd
0%
Mongolia Khuvsgul
0%
The Netherlands Kingdom of the Netherlands
0%
Nigeria Kogi
0%
Myanmar Kokang
0%
Namibia Kunene
0%
Poland Kuyavian-Pomeranian
0%
Nigeria Kwara
0%
Morocco Laâyoune-Sakia El Hamra
0%
Nicaragua León Department
0%
Moldova Leova
0%
Panama Los Santos
0%
Papua New Guinea Madang
0%
Nicaragua Madriz
0%
Myanmar Magway
0%
Mozambique Manica
0%
Papua New Guinea Manus
0%
Mozambique Maputo City
0%
Niger Maradi
0%
Morocco Marrakesh-Safi
0%
Nicaragua Masaya
0%
Nicaragua Matagalpa
0%
Palau Melekeok
0%
Nauru Meneng
0%
Papua New Guinea Milne Bay
0%
Paraguay Misiones
0%
Peru Moquegua
0%
Papua New Guinea Morobe
0%
Oman Musandam
0%
Myanmar Naga
0%
North Korea Nampo
0%
Mozambique Nampula
0%
Nigeria Nasarawa
0%
Papua New Guinea National Capital District
0%
Paraguay Ñeembucú
0%
Panama Ngäbe-Buglé
0%
Palau Ngaraard
0%
Palau Ngarchelong
0%
Palau Ngardmau
0%
Palau Ngatpang
0%
Palau Ngchesar
0%
Palau Ngeremlengui
0%
Palau Ngiwal
0%
Mozambique Niassa
0%
Nauru Nibok
0%
Moldova Nisporeni
0%
Nicaragua North Caribbean Coast
0%
North Korea North Hamgyong
0%
North Korea North Hwanghae
0%
North Korea North Pyongan
0%
Nicaragua Nueva Segovia
0%
Moldova Ocniţa
0%
Namibia Ohangwena
0%
Namibia Omaheke
0%
Namibia Omusati
0%
Moldova Orhei
0%
Morocco Oriental
0%
Mongolia Orkhon
0%
Papua New Guinea Oro
0%
Namibia Oshana
0%
Namibia Oshikoto
0%
Namibia Otjozondjupa
0%
Myanmar Pa Laung
0%
Panama Panamá Oeste
0%
Peru Pasco
0%
North Macedonia Pelagonia
0%
Palau Peleliu
0%
North Macedonia Polog
0%
Nepal Province 1
0%
Nepal Province 2
0%
Nepal Province 3
0%
Nepal Province 5
0%
Morocco Rabat-Salé-Kénitra
0%
New Zealand Realm of New Zealand
0%
Moldova Rezina
0%
Nicaragua Rio San Juan
0%
Moldova Rîşcani
0%
Nicaragua Rivas
0%
New Zealand Ross Dependancy
0%
North Korea Ryanggang
0%
Myanmar Sagaing
0%
Papua New Guinea Sandaun
0%
Paraguay San Pedro
0%
Mongolia Selenge
0%
Myanmar Shan
0%
Moldova Sîngerei
0%
Mozambique Sofala
0%
Nigeria Sokoto
0%
Moldova Şoldăneşti
0%
Palau Sonsorol
0%
Moldova Soroca
0%
Morocco Souss-Massa
0%
Nicaragua South Caribbean Coast
0%
Papua New Guinea Southern Highlands
0%
The Phillipines Southern Tagalog Mainland
0%
North Korea South Hamgyong
0%
North Korea South Hwanghae
0%
North Korea South Pyongan
0%
Moldova Ştefan Vodă
0%
Moldova Străşeni
0%
Nepal Sudurpaschim
0%
Mongolia Sukhbaatar
0%
Niger Tahoua
0%
Morocco Tanger-Tetouan-Al Hoceima
0%
Myanmar Tanintharyi
0%
Nigeria Taraba
0%
Moldova Taraclia
0%
Moldova Teleneşti
0%
Mozambique Tete
0%
Niger Tillabéri
0%
New Zealand Tokelau
0%
Mongolia Tuv
0%
Nauru Uaboe
0%
Peru Ucayali
0%
Qatar Umm Salal
0%
Mongolia Umnugovi
0%
Moldova Ungheni
0%
Mongolia Uvs
0%
Mongolia Uvurkhangai
0%
Panama Veraguas
0%
Papua New Guinea Western Highlands
0%
Papua New Guinea West New Britain
0%
Namibia Zambezi
0%
Mozambique Zambezia
0%
Mongolia Zavkhan
0%
No matching quizzes found
Score Distribution
Percent of People with Each Score
Percentile by Number Answered
Your Score History
You have not taken this quiz